000 00279nam a22001097a 4500
008 160518b xxu||||| |||| 00| 0 eng d
020 _a0895770326
041 _aeng
080 _a61
245 _aFamily health guide and medical encyclopedia:
_cBenjamin F. Miller;
942 _2udc
_cBK
999 _c2210
_d2210